000 00691nam a2200229Ia 4500
001 16748
003 GE_BSU
008 181216s||||||||xx |||||||||||||| ||und||
040 _cGE_BSU
080 _a821.353.1-2
100 _aთელია, გიორგი
245 _aჭეშმარიტი ხმა.
245 _bპიესა 4 მოქმედებად,11 სურათად
245 _cრედ.ი.არაბული
260 _aთბილისი
260 _bსახელგამი
260 _c1957
300 _a64გვ. ; 20სმ.
653 _aპიესა
653 _aჭეშმარიტი ხმა
942 _cBK
999 _c49813
_d49813